| 000 | 01639cam a22005054i 4500 | ||
|---|---|---|---|
| 003 | PE-LiUPU | ||
| 005 | 20250731165613.0 | ||
| 008 | 150706s r 000 0 d | ||
| 020 | _a9788425427268 | ||
| 035 | _a(Sirsi) i9788425427268 | ||
| 040 |
_aPE-LiUPU _bspa _cPE-LiUPU _erda |
||
| 049 | _aPRUA | ||
| 082 | 0 | 4 |
_a220.603 _bK24 _221 |
| 100 | 1 |
_aKasper, Walter, _eautor. |
|
| 245 | 1 | 0 |
_aDiccionario enciclopédico de exégesis y teología bíblica : _bi-z / _cWalter Kasper. |
| 264 | 1 |
_aBarcelona : _bHerder, _c2011. |
|
| 300 |
_apáginas 793-1668 ; _c23 cm. |
||
| 336 |
_atext _2rdacontent |
||
| 337 |
_aunmediated _2rdamedia |
||
| 338 |
_avolume _2rdacarrier |
||
| 505 | 0 | _aDiccionario de I-Z tomo II. | |
| 526 | _aSEG44 | ||
| 526 | _aSEG26 | ||
| 526 | _aP151 | ||
| 526 | _aP150 | ||
| 526 | _aP149 | ||
| 526 | _aP146 | ||
| 526 | _aP145 | ||
| 526 | _aP126 | ||
| 526 | _aP125 | ||
| 526 | _aP92 | ||
| 526 | _aP75 | ||
| 526 | _aP74 | ||
| 526 | _aP27 | ||
| 526 | _aP15 | ||
| 541 | _g006-0041988; | ||
| 650 | 0 | 4 |
_aHermenetica biblica _vDiccionarios . |
| 700 | 1 |
_aVillanueva Salas, Marciano, _etr. |
|
| 910 |
_agl _bjv _clch _d20120423 |
||
| 942 |
_2ddc _cBOOK |
||
| 949 |
_aRC 220.603 K24 2 _wDEWEY _c1 _i64469 _lCCODEBUL1 _mBUL _p81.00 _r0 _sY _tBOOK _u2015-7-6 _xTEOLOGIA _PP35 _o.STAFF. Colección General |
||
| 994 |
_aC0 _bPEPRU |
||
| 596 | _a1 | ||
| 999 |
_aRC 220.603 K24 2 _wDEWEY _c53215 _i64469 _d53215 _f2021-11-8 _g6 _lCCODEBUL1 _mBUL _p81.00 _q4 _r1 _sY _tBOOK _u2015-7-6 _xTEOLOGIA _PP35 _0COMPRA _o.STAFF. Colección General |
||
| 980 |
_81 _gALBERTO SANCHEZ Responsable de Automatización |
||